[Event "CAN-op"]
[Site "Victoria CAN"]
[Date "2012.07.13"]
[Round "9"]
[White "Babb, Jeff"]
[Black "Piasetski, Leon"]
[Result "1/2-1/2"]
[WhiteElo "2144"]
[BlackElo "2290"]
[PlyCount "86"]
[GameId "2160767909508308"]
[EventDate "2012.07.08"]
[EventType "swiss"]
[EventRounds "9"]
[EventCountry "CAN"]
[SourceTitle "CBM 149 Extra"]
[Source "ChessBase"]
[SourceDate "2012.08.24"]
[SourceVersion "1"]
[SourceVersionDate "2012.08.24"]
[SourceQuality "1"]

1. f4 d5 2. e3 g6 3. Nf3 Bg7 4. Be2 Nh6 5. O-O O-O 6. d4 c6 7. a4 Nd7 8. b4 Nf5 9. Ra2 a5 10. c3 Nf6 11. Ne5 Ne4 12. Bf3 Nfd6 13. Bxe4 Nxe4 14. Qb3 Bf5 15. Ba3 Nd6 16. Rd2 f6 17. Nf3 Nc4 18. Rdf2 Nxe3 19. Re1 Nc4 20. b5 Rf7 21. Nbd2 Nxa3 22. Qxa3 cxb5 23. axb5 Bd3 24. Nb3 b6 25. Rb2 Qc7 26. Nc1 Be4 27. Nd2 Bf5 28. g3 e5 29. Ne2 Re8 30. Qb3 exf4 31. Qxd5 Bd3 32. Nf1 fxg3 33. Nfxg3 Bh6 34. Qc6 Rc8 35. d5 Qd8 36. Qe6 Bc4 37. Rd1 Rc5 38. Rd4 f5 39. Nf4 Bxf4 40. Rxf4 Bxd5 41. Rd4 Qg5 42. Qxb6 Qc1+ 43. Nf1 Qxb2 1/2-1/2

[Event "CAN-op"]
[Site "Victoria CAN"]
[Date "2012.07.13"]
[Round "9"]
[White "Bragg, David"]
[Black "Pechisker, Alfred"]
[Result "1/2-1/2"]
[WhiteElo "2165"]
[BlackElo "2197"]
[PlyCount "79"]
[GameId "2160767909508309"]
[EventDate "2012.07.08"]
[EventType "swiss"]
[EventRounds "9"]
[EventCountry "CAN"]
[SourceTitle "CBM 149 Extra"]
[Source "ChessBase"]
[SourceDate "2012.08.24"]
[SourceVersion "1"]
[SourceVersionDate "2012.08.24"]
[SourceQuality "1"]

1. d4 Nf6 2. c4 c5 3. Nf3 g6 4. g3 Bg7 5. Bg2 O-O 6. O-O cxd4 7. Nxd4 Nc6 8. Nc3 Qb6 9. Ndb5 d6 10. Be3 Qd8 11. c5 a6 12. Na3 d5 13. Na4 Bf5 14. Nb6 Ra7 15. Qa4 e6 16. Bg5 h6 17. Bxf6 Bxf6 18. g4 Be4 19. f3 Bd4+ 20. Kh1 Bxf3 21. Bxf3 Bxc5 22. Nxd5 exd5 23. Qf4 Bxa3 24. bxa3 Qg5 25. Qxg5 hxg5 26. Bxd5 Ne5 27. h3 b5 28. Rac1 Rd8 29. Rc5 Rad7 30. Bb3 Re7 31. Rf2 Rd2 32. Kg2 Kg7 33. Rc8 Rb2 34. Ra8 Nc4 35. Rxa6 Rexe2 36. Rxe2 Rxe2+ 37. Kf3 Re3+ 38. Kg2 Re2+ 39. Kf3 Re3+ 40. Kg2 1/2-1/2

[Event "CAN-op"]
[Site "Victoria CAN"]
[Date "2012.07.13"]
[Round "9"]
[White "Hansen, Eric"]
[Black "Zierk, Steven"]
[Result "1/2-1/2"]
[WhiteElo "2460"]
[BlackElo "2478"]
[PlyCount "33"]
[GameId "2160767909508310"]
[EventDate "2012.07.08"]
[EventType "swiss"]
[EventRounds "9"]
[EventCountry "CAN"]
[SourceTitle "CBM 149 Extra"]
[Source "ChessBase"]
[SourceDate "2012.08.24"]
[SourceVersion "1"]
[SourceVersionDate "2012.08.24"]
[SourceQuality "1"]

1. e4 e6 2. d4 d5 3. Nc3 Bb4 4. e5 c5 5. a3 Bxc3+ 6. bxc3 Qa5 7. Bd2 Qa4 8. h4 Nc6 9. h5 h6 10. Nf3 Nge7 11. Rh4 c4 12. Rf4 Bd7 13. Nh4 Nf5 14. Nxf5 exf5 15. Rf3 Ne7 16. Rg3 Rg8 17. Qb1 1/2-1/2

[Event "CAN-op"]
[Site "Victoria CAN"]
[Date "2012.07.13"]
[Round "9"]
[White "Wagner, Bernd"]
[Black "Doubleday, William"]
[Result "1/2-1/2"]
[WhiteElo "2218"]
[BlackElo "2064"]
[PlyCount "84"]
[GameId "2160767909508311"]
[EventDate "2012.07.08"]
[EventType "swiss"]
[EventRounds "9"]
[EventCountry "CAN"]
[SourceTitle "CBM 149 Extra"]
[Source "ChessBase"]
[SourceDate "2012.08.24"]
[SourceVersion "1"]
[SourceVersionDate "2012.08.24"]
[SourceQuality "1"]

1. e4 c5 2. Nf3 Nc6 3. d4 cxd4 4. Nxd4 Qb6 5. Nb3 Nf6 6. Nc3 e6 7. Be3 Qc7 8. Qd2 a6 9. f3 Be7 10. O-O-O d6 11. g4 b5 12. g5 Nd7 13. f4 Rb8 14. h4 Nc5 15. Nxc5 dxc5 16. e5 Nb4 17. Bg2 Bb7 18. Bxb7 Qxb7 19. Qf2 c4 20. f5 exf5 21. Qxf5 Rd8 22. Rxd8+ Bxd8 23. Rd1 O-O 24. a3 Nc6 25. Rd7 Ne7 26. Qxh7+ Kxh7 27. Rxb7 Nc6 28. Bc5 Re8 29. Bd6 Kg6 30. Nd5 Nxe5 31. Bxe5 Rxe5 32. Nf4+ Kh7 33. Rxf7 Bb6 34. Kb1 Be3 35. Ng2 Bd2 36. Rf2 c3 37. bxc3 Bxc3 38. Rf3 b4 39. axb4 Bxb4 40. Kb2 a5 41. Kb3 Re4 42. Rf5 Rg4 1/2-1/2

[Event "CAN-op"]
[Site "Victoria CAN"]
[Date "2012.07.13"]
[Round "9.3"]
[White "Yam, Alex"]
[Black "Mikhalevski, Victor"]
[Result "0-1"]
[WhiteElo "2374"]
[BlackElo "2625"]
[PlyCount "40"]
[GameId "2160767909508313"]
[EventDate "2012.07.08"]
[EventType "swiss"]
[EventRounds "9"]
[EventCountry "CAN"]

1. e4 c5 2. c3 Nf6 3. e5 Nd5 4. d4 cxd4 5. Nf3 Nc6 6. cxd4 d6 7. Bc4 Nb6 8. Bb5 dxe5 9. Nxe5 Bd7 10. Nxd7 Qxd7 11. Nc3 e6 12. O-O Be7 13. Qg4 O-O 14. Bxc6 bxc6 15. Bh6 Bf6 16. Rfd1 Kh8 17. Ne4 Qe7 18. Bf4 Rfd8 19. Rac1 Rxd4 20. Bd6 Qxd6 0-1

[Event "CAN-op"]
[Site "Victoria CAN"]
[Date "2012.07.13"]
[Round "9.4"]
[White "Porper, Edward"]
[Black "Kazmaier, Daniel"]
[Result "1-0"]
[WhiteElo "2481"]
[BlackElo "2327"]
[PlyCount "83"]
[GameId "2160767909508314"]
[EventDate "2012.07.08"]
[EventType "swiss"]
[EventRounds "9"]
[EventCountry "CAN"]

1. d4 f5 2. g3 Nf6 3. Bg2 d5 4. Nf3 e6 5. O-O Bd6 6. c4 c6 7. Qc2 O-O 8. Ne5 Nbd7 9. Nd3 Kh8 10. Nd2 Nh5 11. Nf3 Qe7 12. Nfe5 Qf6 13. Bf3 g6 14. Bxh5 gxh5 15. Bf4 Qe7 16. Nxd7 Bxd7 17. Bxd6 Qxd6 18. Ne5 Be8 19. Qd2 Qe7 20. Qf4 dxc4 21. Nxc4 Rd8 22. Rfd1 Rd5 23. Rac1 Bg6 24. Ne5 Kg7 25. Rc5 Rfd8 26. b4 a5 27. a3 axb4 28. axb4 Qd6 29. e3 Ra8 30. Rdc1 Rxc5 31. bxc5 Qd5 32. Qg5 Qb3 33. Qe7+ Kg8 34. Nd7 Kh8 35. Nf6 Qb2 36. Rf1 Qb3 37. Kg2 f4 38. gxf4 h4 39. Ra1 Rg8 40. Nxg8 Qd5+ 41. f3 h3+ 42. Kg3 1-0

[Event "CAN-op"]
[Site "Victoria CAN"]
[Date "2012.07.13"]
[Round "9.5"]
[White "Wang, Richard"]
[Black "Reeve, Jeff"]
[Result "1-0"]
[WhiteElo "2442"]
[BlackElo "2326"]
[PlyCount "100"]
[GameId "2160767909508315"]
[EventDate "2012.07.08"]
[EventType "swiss"]
[EventRounds "9"]
[EventCountry "CAN"]

1. d4 Nf6 2. Nf3 c5 3. d5 b5 4. Bg5 Ne4 5. Bh4 Bb7 6. Qd3 f5 7. g4 Qa5+ 8. c3 e6 9. dxe6 dxe6 10. gxf5 exf5 11. Bg2 Nd7 12. Nfd2 c4 13. Qh3 Qb6 14. Qxf5 g6 15. Qh3 Nec5 16. Qe3+ Kf7 17. Nf3 h6 18. O-O Re8 19. Qd2 Bg7 20. b4 cxb3 21. axb3 Nf6 22. Qa2 Bxf3 23. Bxf3 Re7 24. b4+ Ne6 25. Nd2 g5 26. Bg3 Rd8 27. Rfd1 Red7 28. Qc2 Kg8 29. Be5 Nd5 30. Bxg7 Kxg7 31. Ne4 Nf6 32. Ng3 Rxd1+ 33. Rxd1 Rxd1+ 34. Qxd1 g4 35. Bg2 h5 36. e4 Qd8 37. Qc1 Qd3 38. e5 Nd5 39. Bxd5 Qxd5 40. Nxh5+ Kf7 41. Qe3 a6 42. Nf6 Qd1+ 43. Kg2 Ng5 44. Qf4 Qf3+ 45. Qxf3 gxf3+ 46. Kg3 Ke6 47. Kf4 Nf7 48. Ng4 Kd5 49. h4 Kc4 50. h5 Ng5 1-0

[Event "CAN-op"]
[Site "Victoria CAN"]
[Date "2012.07.13"]
[Round "9.6"]
[White "Laceste, Loren"]
[Black "Villavieja, Butch"]
[Result "1-0"]
[WhiteElo "2256"]
[BlackElo "2303"]
[PlyCount "86"]
[GameId "2160767909508316"]
[EventDate "2012.07.08"]
[EventType "swiss"]
[EventRounds "9"]
[EventCountry "CAN"]

1. d4 Nf6 2. g3 g6 3. Bg2 Bg7 4. Nf3 O-O 5. O-O d5 6. Nbd2 c6 7. b3 Ne4 8. Bb2 c5 9. e3 Nc6 10. c3 Qa5 11. Nxe4 dxe4 12. Nd2 f5 13. a3 Be6 14. b4 cxb4 15. axb4 Qc7 16. Qa4 a6 17. c4 b5 18. cxb5 axb5 19. Qxb5 Rab8 20. Qc5 Qb6 21. Ba3 Nxb4 22. Qxe7 Rfe8 23. Qxb4 Qxb4 24. Bxb4 Rxb4 25. Rfc1 Reb8 26. Bf1 Bf8 27. Bc4 Bxc4 28. Nxc4 Rc8 29. Ne5 Rxc1+ 30. Rxc1 Rb7 31. h3 Bd6 32. Rc8+ Kg7 33. Nc4 Be7 34. Rc6 Ra7 35. Kg2 Kf7 36. d5 Ra1 37. Ne5+ Kg7 38. d6 Bf6 39. Rc7+ Kh6 40. d7 Rd1 41. Nf7+ Kh5 42. h4 g5 43. Rc6 Be7 1-0

[Event "CAN-op"]
[Site "Victoria CAN"]
[Date "2012.07.13"]
[Round "9.8"]
[White "Davies, Lucas"]
[Black "Calugar, Arthur"]
[Result "1/2-1/2"]
[WhiteElo "2214"]
[BlackElo "2404"]
[PlyCount "85"]
[GameId "2160767909508317"]
[EventDate "2012.07.08"]
[EventType "swiss"]
[EventRounds "9"]
[EventCountry "CAN"]

1. e4 c5 2. Nc3 Nc6 3. g3 g6 4. Bg2 Bg7 5. d3 d6 6. Be3 e5 7. Qd2 Nge7 8. Bh6 Bxh6 9. Qxh6 Nd4 10. Qd2 Be6 11. Nd1 Qd7 12. Ne3 f5 13. c3 Ndc6 14. Ne2 d5 15. exf5 gxf5 16. d4 cxd4 17. cxd4 O-O-O 18. Nc2 h5 19. O-O-O h4 20. dxe5 h3 21. Bf1 Nxe5 22. Nf4 N7c6 23. Nd4 Nxd4 24. Qxd4 Nc6 25. Qf6 Bf7 26. Bd3 Kb8 27. Bxf5 Qc7 28. Kb1 d4 29. Be6 Rhf8 30. Bxf7 Rxf7 31. Qe6 Re7 32. Qc4 Qa5 33. Qc2 Nb4 34. Qb3 Qf5+ 35. Nd3 Nxd3 36. Qxd3 Qxf2 37. Rd2 Re3 38. Rxf2 Rxd3 39. Re1 Rc8 40. Rc1 Re8 41. Kc2 Rde3 42. Rd1 Rc8+ 43. Kb1 1/2-1/2

[Event "CAN-op"]
[Site "Victoria CAN"]
[Date "2012.07.13"]
[Round "9.9"]
[White "Yoos, John"]
[Black "Awatramani, Janak"]
[Result "1-0"]
[WhiteElo "2392"]
[BlackElo "2129"]
[PlyCount "85"]
[GameId "2160767909508318"]
[EventDate "2012.07.08"]
[EventType "swiss"]
[EventRounds "9"]
[EventCountry "CAN"]

1. e4 e6 2. d4 b6 3. Nf3 Bb7 4. Bd3 Be7 5. O-O d5 6. e5 c5 7. c3 Nc6 8. a3 a6 9. b4 Qc7 10. Re1 h6 11. Be3 c4 12. Bc2 Nb8 13. Nbd2 Nd7 14. Nf1 Bf8 15. N3d2 Ne7 16. g4 g6 17. Ng3 O-O-O 18. h4 Bg7 19. Ndf1 Rdg8 20. Qd2 f6 21. exf6 Bxf6 22. Bxh6 e5 23. Bg5 Nc6 24. Bxf6 Nxf6 25. g5 Nd7 26. h5 gxh5 27. Nh2 e4 28. Kh1 Ne7 29. Rg1 Rf8 30. Raf1 Ng6 31. Ne2 Nh4 32. Rg3 Nf5 33. Rh3 h4 34. Kg1 Rhg8 35. f4 exf3 36. Rhxf3 Ng3 37. Nxg3 hxg3 38. Ng4 Qd8 39. Bf5 Bc6 40. Ne5 g2 41. R1f2 Kb7 42. Bxd7 Bxd7 43. Rf7 1-0

[Event "CAN-op"]
[Site "Victoria CAN"]
[Date "2012.07.13"]
[Round "9.11"]
[White "Li, Kevin"]
[Black "Wu, Howard"]
[Result "0-1"]
[WhiteElo "2232"]
[BlackElo "2129"]
[PlyCount "120"]
[GameId "2160767909508319"]
[EventDate "2012.07.08"]
[EventType "swiss"]
[EventRounds "9"]
[EventCountry "CAN"]

1. e4 c5 2. Nf3 d6 3. d4 cxd4 4. Nxd4 Nf6 5. Nc3 Nc6 6. Bc4 Qb6 7. Nxc6 bxc6 8. O-O g6 9. Kh1 Bg7 10. f4 O-O 11. Qe2 Bg4 12. Qe3 Qb4 13. Bb3 Bc8 14. Bd2 Ba6 15. Rfd1 h5 16. Nd5 Nxd5 17. exd5 Qb7 18. f5 c5 19. c4 Qd7 20. Rf1 Rae8 21. Qg3 Be5 22. Bf4 Qxf5 23. Rae1 h4 24. Qxh4 Bf6 25. Qg3 Qh5 26. Qd3 Bxb2 27. Bd1 Qh8 28. Ba4 Qc3 29. Qxc3 Bxc3 30. Rc1 Bb2 31. Rc2 Rb8 32. Bb3 Bd4 33. Re1 Bf6 34. h3 Kg7 35. g4 g5 36. Bg3 Bc8 37. Kg2 Bd7 38. Rce2 Rfe8 39. Rh1 a5 40. Bc2 Rb2 41. Rb1 Rxb1 42. Bxb1 Rb8 43. Bd3 a4 44. Kf3 a3 45. Bc2 Rb4 46. Bb3 Ba4 47. Bxa4 Rxa4 48. Rc2 Rb4 49. Ke2 Rb1 50. Be1 Bb2 51. Bd2 f6 52. Kd3 Rh1 53. Ke4 Rxh3 54. Bc1 Bxc1 55. Rxc1 Rh2 56. Kf5 Kf7 57. Rc3 Rxa2 58. Rh3 Rf2+ 59. Ke4 a2 60. Ra3 Rf4+ 0-1

[Event "CAN-op"]
[Site "Victoria CAN"]
[Date "2012.07.13"]
[Round "9.12"]
[White "McLaren, Brian"]
[Black "Rohonyan, Katerina"]
[Result "0-1"]
[WhiteElo "2177"]
[BlackElo "2351"]
[PlyCount "122"]
[GameId "2160767909508320"]
[EventDate "2012.07.08"]
[EventType "swiss"]
[EventRounds "9"]
[EventCountry "CAN"]

1. e4 c5 2. Nc3 Nc6 3. g3 g6 4. Bg2 Bg7 5. d3 d6 6. Be3 Nf6 7. h3 O-O 8. Qd2 Rb8 9. Bh6 b5 10. Bxg7 Kxg7 11. f4 e5 12. Nge2 b4 13. Nd1 Ng8 14. O-O f6 15. Ne3 Nge7 16. Kh2 Nd4 17. Rf2 Qc7 18. b3 Bb7 19. Raf1 a5 20. fxe5 dxe5 21. a4 Rbd8 22. Nxd4 cxd4 23. Ng4 Ng8 24. Re2 Rd6 25. Nf2 Rc6 26. Nd1 Bc8 27. Nb2 Be6 28. h4 Qd7 29. Ref2 Rfc8 30. Nc4 Bxc4 31. dxc4 Rd8 32. Rd1 Kf7 33. Bf1 Ke7 34. Be2 Kd6 35. Rdf1 Kc5 36. g4 h6 37. Kg3 Qg7 38. Bd3 Ne7 39. Kh3 Rf8 40. Qe2 Rcc8 41. Qd2 Rf7 42. Qe2 Rcf8 43. Rg2 Nc6 44. Rg3 Nd8 45. Kg2 Ne6 46. Kf2 Nf4 47. Qf3 h5 48. Ke1 hxg4 49. Rxg4 Qh6 50. Kd1 Rh8 51. Rfg1 Rfh7 52. R1g3 Qf8 53. Rxf4 exf4 54. Rxg6 Qd6 55. e5 Qxe5 56. Rxf6 Qxf6 57. Qd5+ Kb6 58. c5+ Kc7 59. Be4 Rxh4 60. Qb7+ Kd8 61. c6 Qd6 0-1

[Event "CAN-op"]
[Site "Victoria CAN"]
[Date "2012.07.13"]
[Round "9.13"]
[White "Barron, Michael"]
[Black "Longo, Tyler"]
[Result "1-0"]
[WhiteElo "2275"]
[BlackElo "2004"]
[PlyCount "71"]
[GameId "2160767909508321"]
[EventDate "2012.07.08"]
[EventType "swiss"]
[EventRounds "9"]
[EventCountry "CAN"]

1. e4 d5 2. exd5 Nf6 3. d4 Bg4 4. Be2 Bxe2 5. Qxe2 Qxd5 6. Nf3 Nc6 7. Be3 e6 8. O-O Bd6 9. Nc3 Qf5 10. Qb5 Qxb5 11. Nxb5 a6 12. Nxd6+ cxd6 13. c4 d5 14. c5 O-O 15. a3 Ne4 16. b4 b6 17. cxb6 Rfb8 18. Ne5 Rxb6 19. Rfc1 Na7 20. Rc7 f6 21. Nd7 Rc6 22. Rxc6 Nxc6 23. Rc1 Na7 24. a4 Nd6 25. Rc7 Nac8 26. Nc5 e5 27. Rd7 a5 28. b5 Ra7 29. Rxa7 Nxa7 30. Nb3 Nac8 31. Nxa5 Nc4 32. Nxc4 dxc4 33. dxe5 fxe5 34. Kf1 Kf7 35. b6 Nd6 36. a5 1-0

[Event "CAN-op"]
[Site "Victoria CAN"]
[Date "2012.07.13"]
[Round "9.14"]
[White "Cheng, Jack"]
[Black "Chen, Howard"]
[Result "0-1"]
[WhiteElo "2158"]
[BlackElo "2223"]
[PlyCount "74"]
[GameId "2160767909508322"]
[EventDate "2012.07.08"]
[EventType "swiss"]
[EventRounds "9"]
[EventCountry "CAN"]

1. e4 d6 2. d4 g6 3. Nc3 Bg7 4. Be3 a6 5. Qd2 Nd7 6. f3 b5 7. Nh3 Bb7 8. Be2 c5 9. a4 b4 10. Nd1 Qa5 11. b3 cxd4 12. Bxd4 Ngf6 13. Nb2 e5 14. Nc4 Qc7 15. Qxb4 O-O 16. Bb6 Nxb6 17. Qxb6 Qxb6 18. Nxb6 Rab8 19. a5 d5 20. exd5 Nxd5 21. Nd7 e4 22. Rd1 Nc3 23. Rd2 Rfe8 24. Nxb8 exf3 25. gxf3 Bxf3 26. Ng1 Bxh1 27. Nxa6 Nxe2 28. Rxe2 Ra8 29. Nc7 Bc3+ 30. Kf1 Rxa5 31. Re8+ Kg7 32. Ne2 Be5 33. Re7 Kf6 34. Rd7 Bc6 35. Ne8+ Ke6 36. Rd8 Ke7 37. Nd4 Bxe8 0-1

[Event "CAN-op"]
[Site "Victoria CAN"]
[Date "2012.07.13"]
[Round "9.15"]
[White "Plotkin, Mark"]
[Black "Lessler, Peter"]
[Result "0-1"]
[WhiteElo "1976"]
[BlackElo "2217"]
[PlyCount "95"]
[GameId "2160767909508323"]
[EventDate "2012.07.08"]
[EventType "swiss"]
[EventRounds "9"]
[EventCountry "CAN"]

1. e4 c6 2. c4 d5 3. exd5 cxd5 4. d4 Nf6 5. Nc3 Nc6 6. Bg5 e6 7. Nf3 Be7 8. c5 O-O 9. Bd3 b6 10. Bb5 Bd7 11. Bxc6 Bxc6 12. Ne5 Rc8 13. b4 bxc5 14. bxc5 Ne4 15. Nxe4 dxe4 16. Nxc6 Rxc6 17. Qa4 Bxg5 18. Qxc6 Qa5+ 19. Kf1 Qc3 20. Rd1 Qc2 21. Re1 Qc4+ 22. Kg1 Bd2 23. Qxe4 Bxe1 24. Qxe1 Qxd4 25. h4 Rc8 26. Rh3 Rxc5 27. Qe3 Qd1+ 28. Kh2 Qd6+ 29. Qg3 Qd8 30. h5 h6 31. Qe3 Qc7+ 32. g3 Rc2 33. Rh4 Rxa2 34. Rg4 Qb6 35. Qxb6 axb6 36. Kg2 Rb2 37. Ra4 Kf8 38. Ra7 b5 39. Rb7 b4 40. g4 b3 41. Kf3 Rb1 42. Kf4 b2 43. Kf3 g6 44. hxg6 fxg6 45. Kg2 Ke8 46. Rb3 Ke7 47. f4 Kd6 48. Kh2 0-1

[Event "CAN-op"]
[Site "Victoria CAN"]
[Date "2012.07.13"]
[Round "9.16"]
[White "Kenney, Jason"]
[Black "MacKinnon, Keith"]
[Result "1-0"]
[WhiteElo "2136"]
[BlackElo "2353"]
[PlyCount "57"]
[GameId "2160767909508324"]
[EventDate "2012.07.08"]
[EventType "swiss"]
[EventRounds "9"]
[EventCountry "CAN"]

1. d4 Nf6 2. c4 e6 3. Nc3 Bb4 4. e3 b6 5. Nge2 c5 6. a3 Ba5 7. Bd2 Na6 8. Nf4 Bb7 9. d5 e5 10. Nh5 O-O 11. Bd3 d6 12. Nxf6+ Qxf6 13. g4 Qh4 14. Qf3 Rad8 15. Rg1 Bc8 16. Rg3 g6 17. O-O-O Kh8 18. Rdg1 f5 19. gxf5 gxf5 20. Qg2 Nb8 21. Rg5 Qh6 22. Rh5 Qf6 23. Bxf5 Bxf5 24. Rxf5 Qe7 25. Rg5 Nd7 26. Rg7 Qh4 27. Rg4 Qe7 28. e4 Bxc3 29. bxc3 1-0

[Event "CAN-op"]
[Site "Victoria CAN"]
[Date "2012.07.13"]
[Round "9.22"]
[White "Botez, Alexandra"]
[Black "Chan, James"]
[Result "1/2-1/2"]
[WhiteElo "2028"]
[BlackElo "2128"]
[PlyCount "54"]
[GameId "2160767909508325"]
[EventDate "2012.07.08"]
[EventType "swiss"]
[EventRounds "9"]
[EventCountry "CAN"]

1. d4 d5 2. Nf3 c6 3. e3 Nf6 4. Bd3 a6 5. b3 Bg4 6. h3 Bh5 7. Ba3 Nbd7 8. O-O Ne4 9. c4 e6 10. Bxf8 Nxf8 11. Be2 Nd7 12. Nfd2 Bxe2 13. Qxe2 Ndf6 14. Rc1 O-O 15. c5 Qc7 16. b4 e5 17. Nf3 exd4 18. Nxd4 Rae8 19. a4 Qe5 20. Na3 Ng5 21. Nac2 Nge4 22. Nf3 Qh5 23. Ncd4 g5 24. Nh2 Qg6 25. b5 axb5 26. axb5 Nd7 27. Nb3 Ra8 1/2-1/2

[Event "CAN-op"]
[Site "Victoria CAN"]
[Date "2012.07.13"]
[Round "9.23"]
[White "Ozkan, Charlie"]
[Black "Erichsen, Dan"]
[Result "1/2-1/2"]
[WhiteElo "1931"]
[BlackElo "2110"]
[PlyCount "41"]
[GameId "2160767909508326"]
[EventDate "2012.07.08"]
[EventType "swiss"]
[EventRounds "9"]
[EventCountry "CAN"]

1. Nf3 d5 2. g3 c6 3. Bg2 Nf6 4. d4 Bg4 5. Ne5 Bf5 6. Nd2 e6 7. O-O Nbd7 8. Nd3 Bd6 9. c4 O-O 10. c5 Bc7 11. Nf3 Be4 12. Bf4 Bxf4 13. gxf4 Ng4 14. e3 Nh6 15. Kh1 Qc7 16. Nh4 Bxg2+ 17. Nxg2 f6 18. Qh5 e5 19. f5 Qc8 20. Rg1 Qe8 21. Qh3 1/2-1/2

[Event "CAN-op"]
[Site "Victoria CAN"]
[Date "2012.07.13"]
[Round "9.24"]
[White "Itkin, David"]
[Black "Wu, Ruining (Ray)"]
[Result "1/2-1/2"]
[WhiteElo "2044"]
[BlackElo "1835"]
[PlyCount "93"]
[GameId "2160767909508327"]
[EventDate "2012.07.08"]
[EventType "swiss"]
[EventRounds "9"]
[EventCountry "CAN"]

1. e4 c6 2. d4 d5 3. Nd2 dxe4 4. Nxe4 Bf5 5. Ng3 Bg6 6. N1e2 e6 7. Nf4 Bd6 8. Bd3 Bxf4 9. Bxf4 Nf6 10. c3 Bxd3 11. Qxd3 O-O 12. O-O c5 13. Qb5 cxd4 14. Qxb7 Qd5 15. Qxd5 Nxd5 16. Bd2 dxc3 17. bxc3 Rc8 18. Rfc1 Nd7 19. Kf1 Rc4 20. Rab1 N7b6 21. Ke2 Rac8 22. Kd3 Kf8 23. Nf1 Ke7 24. Ne3 R4c7 25. Nxd5+ Nxd5 26. c4 Nb6 27. c5 Nd5 28. Kd4 Kd7 29. Ba5 Rc6 30. Rb7+ Ke8 31. Rxa7 Ne7 32. g4 Rb8 33. Rc2 Nc8 34. Rc7 Ra6 35. Bc3 Ne7 36. Rb2 Ra4+ 37. Kd3 Rd8+ 38. Kc2 Nd5 39. Rcb7 Rc4 40. R2b3 Rxc5 41. Kb2 Nxc3 42. Rxc3 Rd2+ 43. Kc1 Rxc3+ 44. Kxd2 Ra3 45. g5 Rxa2+ 46. Ke3 Ra4 47. Rb8+ 1/2-1/2

[Event "CAN-op"]
[Site "Victoria CAN"]
[Date "2012.07.13"]
[Round "9.25"]
[White "Yearwood, Roy"]
[Black "Lane, Travis"]
[Result "1-0"]
[WhiteElo "2106"]
[BlackElo "2158"]
[PlyCount "85"]
[GameId "2160767909508328"]
[EventDate "2012.07.08"]
[EventType "swiss"]
[EventRounds "9"]
[EventCountry "CAN"]

1. b4 e5 2. Bb2 d6 3. c4 Nf6 4. Nc3 g6 5. e4 Bg7 6. Nge2 O-O 7. g3 Nbd7 8. Bg2 Re8 9. O-O Nf8 10. d3 h5 11. f4 exf4 12. gxf4 Ng4 13. Rf3 f5 14. Qd2 c6 15. h3 Nf6 16. Re3 a5 17. b5 Bd7 18. Kh1 N6h7 19. exf5 Qh4 20. bxc6 bxc6 21. fxg6 Nxg6 22. Rg3 Ne7 23. Rg1 Nf5 24. Rg6 Re7 25. Ne4 Kh8 26. Bf1 Nf8 27. Bxg7+ Rxg7 28. Rxg7 Nxg7 29. f5 Nh7 30. f6 Bxh3 31. fxg7+ Kg8 32. Qf4 Bg4+ 33. Kg2 Kxg7 34. Qxd6 Rf8 35. Qg3 Qxg3+ 36. N2xg3 h4 37. Be2 Bxe2 38. Nxe2 Rb8 39. Kh3+ Kf7 40. Ng5+ Nxg5+ 41. Rxg5 Rb2 42. Re5 Rxa2 43. Nd4 1-0

[Event "CAN-op"]
[Site "Victoria CAN"]
[Date "2012.07.13"]
[Round "9.28"]
[White "Herdin, Matthew"]
[Black "Fiedler, Brian"]
[Result "1-0"]
[WhiteElo "1923"]
[BlackElo "2102"]
[PlyCount "31"]
[GameId "2160767909508329"]
[EventDate "2012.07.08"]
[EventType "swiss"]
[EventRounds "9"]
[EventCountry "CAN"]

1. e4 e6 2. e5 d6 3. exd6 Qxd6 4. d4 c5 5. Be3 cxd4 6. Qxd4 Qxd4 7. Bxd4 Nc6 8. Bc3 Nf6 9. Nf3 Ne4 10. Bb5 Nxc3 11. Nxc3 Bb4 12. Bxc6+ bxc6 13. O-O-O Bxc3 14. bxc3 Bd7 15. Ne5 Rd8 16. Rd6 1-0

[Event "CAN-op"]
[Site "Victoria CAN"]
[Date "2012.07.13"]
[Round "9.31"]
[White "Molden, Leonard"]
[Black "Trochtchanovitch, Pavel"]
[Result "1-0"]
[WhiteElo "1840"]
[BlackElo "2014"]
[PlyCount "69"]
[GameId "2160767909508331"]
[EventDate "2012.07.08"]
[EventType "swiss"]
[EventRounds "9"]
[EventCountry "CAN"]

1. d4 Nf6 2. e3 g6 3. Nf3 Bg7 4. Be2 O-O 5. O-O d5 6. b3 Bg4 7. Nbd2 Nbd7 8. h3 Bf5 9. Bb2 Ne4 10. Nh4 e6 11. Nhf3 g5 12. Nxe4 Bxe4 13. Nd2 Bg6 14. f4 gxf4 15. exf4 Nf6 16. Nf3 Ne4 17. Kh2 Qd6 18. g3 f6 19. Bd3 Bh5 20. Qe1 f5 21. Ne5 Kh8 22. g4 fxg4 23. hxg4 Bg6 24. Qh4 Bxe5 25. dxe5 Qd8 26. Qh6 Kg8 27. f5 exf5 28. gxf5 Rxf5 29. Rxf5 Bxf5 30. Rg1+ Bg6 31. Bxe4 dxe4 32. e6 Qd6+ 33. Kh1 Qe7 34. Rxg6+ hxg6 35. Qh8# 1-0

[Event "CAN-op"]
[Site "Victoria CAN"]
[Date "2012.07.13"]
[Round "9.34"]
[White "Raymer, Elliot"]
[Black "Kenney, David"]
[Result "1-0"]
[WhiteElo "1818"]
[BlackElo "1978"]
[PlyCount "111"]
[GameId "2160767909508332"]
[EventDate "2012.07.08"]
[EventType "swiss"]
[EventRounds "9"]
[EventCountry "CAN"]

1. e4 d6 2. d4 Nf6 3. Nc3 g6 4. f3 Bg7 5. Be3 Nbd7 6. Qd2 c6 7. Bh6 Bxh6 8. Qxh6 b5 9. g4 Qb6 10. O-O-O Bb7 11. Nh3 O-O-O 12. Qd2 a6 13. Nf4 e5 14. g5 Ne8 15. Nfe2 Nc7 16. Bh3 exd4 17. Nxd4 Kb8 18. Qf4 Ne5 19. Qf6 Rhf8 20. Rhf1 Ka7 21. Qg7 c5 22. Nb3 b4 23. Ne2 a5 24. Nf4 a4 25. Na1 Nc4 26. Rfe1 Ne5 27. Rf1 c4 28. Nd5 Bxd5 29. exd5 c3 30. b3 axb3 31. cxb3 Qe3+ 32. Kb1 Nxf3 33. Rxf3 Qxf3 34. Qd4+ Ka8 35. Bg4 Qg2 36. Nc2 Rb8 37. Bd7 Rb7 38. Bc6 Rfb8 39. Qxb4 Na6 40. Qxd6 Ka7 41. Bxb7 Rxb7 42. Qe5 Qf3 43. Qe3+ Qxe3 44. Nxe3 Nc5 45. Kc2 Ne4 46. d6 Rd7 47. Nc4 Kb7 48. h4 f5 49. gxf6 Nxf6 50. Ne5 Rd8 51. d7 Kc7 52. Kxc3 Ng8 53. b4 Ne7 54. b5 Nf5 55. b6+ Kxb6 56. Nf7 1-0

[Event "CAN-op"]
[Site "Victoria CAN"]
[Date "2012.07.13"]
[Round "9.35"]
[White "McKay, Arnold"]
[Black "Chen, Clyde"]
[Result "0-1"]
[WhiteElo "1830"]
[BlackElo "1780"]
[PlyCount "116"]
[GameId "2160767909508333"]
[EventDate "2012.07.08"]
[EventType "swiss"]
[EventRounds "9"]
[EventCountry "CAN"]

1. c4 Nf6 2. Nf3 d6 3. g3 g6 4. Nc3 Bg7 5. Bg2 O-O 6. O-O c5 7. d3 Nc6 8. Rb1 Bg4 9. h3 Bf5 10. e4 Bd7 11. Be3 Ne8 12. Qd2 f5 13. Kh2 Nd4 14. Ne1 Qa5 15. a3 fxe4 16. Bxe4 Bc6 17. Bxc6 bxc6 18. f4 Nc7 19. Ne4 Qxd2+ 20. Bxd2 Rab8 21. b4 a5 22. Ng2 axb4 23. axb4 Na6 24. b5 cxb5 25. cxb5 Nxb5 26. Ne3 Nd4 27. Ra1 Nf3+ 28. Kg2 Nxd2 29. Nxd2 Bxa1 30. Rxa1 Rb2 31. Nec4 Rc2 32. Rxa6 d5 33. Kf3 dxc4 34. Nxc4 Rc3 35. Ke3 Rd8 36. Ne5 c4 37. Kd2 Rdxd3+ 38. Nxd3 Rxd3+ 39. Kc2 Rxg3 40. Rc6 c3 41. Rxc3 Rxc3+ 42. Kxc3 Kf7 43. Kd4 Kf6 44. Ke4 Ke6 45. Ke3 Kf5 46. Kf3 g5 47. fxg5 Kxg5 48. Kg3 e5 49. Kf3 Kf5 50. Ke3 e4 51. Ke2 Kf4 52. Kf2 e3+ 53. Ke2 Ke4 54. h4 h5 55. Ke1 Kf3 56. Kf1 Kg3 57. Ke2 Kxh4 58. Kf3 Kh3 0-1